[Event "Titled Tuesday intern op 21st Mar Early"]
[Site "Chess.com INT"]
[Date "2023.03.21"]
[Round "1"]
[White "Iglesias, Yosha"]
[Black "Averjanov, Alexey"]
[Result "1-0"]
[WhiteElo "2199"]
[BlackElo "2399"]
[PlyCount "37"]
[EventDate "2023.03.21"]
[EventType "swiss (blitz)"]
[EventRounds "11"]
[EventCountry "USA"]
[SourceTitle "EXT 2024"]
[Source "ChessBase"]
[SourceDate "2023.10.10"]
[SourceVersion "1"]
[SourceVersionDate "2023.10.10"]
[SourceQuality "1"]

1. d4 d5 2. Nf3 Nf6 3. e3 e6 4. Bd3 Bd6 5. Nbd2 Nbd7 6. 0-0 0-0 7. Re1 e5 8. e4 dxe4 9. Nxe4 Nxe4 10. Rxe4 Nf6 11. Rh4 exd4 12. Bg5 h6 13. Bxh6 gxh6 14. Qd2 Ng4 15. Rxg4+ Bxg4 16. Qxh6 f5 17. Bc4+ Rf7 18. Ng5 Qf8 19. Qh7# 1-0

[Event "Titled Tuesday intern op 21st Mar Early"]
[Site "Chess.com INT"]
[Date "2023.03.21"]
[Round "3"]
[White "Iglesias, Yosha"]
[Black "Baskin, Robert"]
[Result "1-0"]
[WhiteElo "2199"]
[BlackElo "2438"]
[PlyCount "103"]
[EventDate "2023.03.21"]
[EventType "swiss (blitz)"]
[EventRounds "11"]
[EventCountry "USA"]
[SourceTitle "EXT 2024"]
[Source "ChessBase"]
[SourceDate "2023.10.10"]
[SourceVersion "1"]
[SourceVersionDate "2023.10.10"]
[SourceQuality "1"]

1. d4 d5 2. Nf3 Nf6 3. e3 Bf5 4. c4 c6 5. cxd5 cxd5 6. Nc3 Nc6 7. Ne5 Nd7 8. Nxd5 Ndxe5 9. dxe5 e6 10. Nc3 Qxd1+ 11. Nxd1 Nxe5 12. Bb5+ Nc6 13. Nc3 Bb4 14. f3 0-0 15. Bxc6 bxc6 16. e4 Bg6 17. Bd2 Rfd8 18. 0-0-0 f6 19. Na4 Be7 20. Be3 e5 21. Bc5 Kf7 22. Bxe7 Kxe7 23. Rxd8 Rxd8 24. Rd1 Rb8 25. b3 Bf7 26. Kb2 g5 27. Kc3 h5 28. Nc5 Rb5 29. b4 a5 30. a3 Be8 31. g3 g4 32. f4 exf4 33. gxf4 axb4+ 34. axb4 Rb8 35. Ra1 Bf7 36. Ra7+ Ke8 37. Nd7 Rd8 38. Nxf6+ Kf8 39. e5 Bg6 40. e6 Rd3+ 41. Kc4 Re3 42. f5 Be8 43. Ra8 Ke7 44. Nxe8 h4 45. Nc7 Kd6 46. Na6 g3 47. hxg3 hxg3 48. Rg8 Re5 49. Nc5 Re3 50. Rxg3 Rxg3 51. Ne4+ Ke5 52. Nxg3 1-0

[Event "Titled Tuesday intern op 7th Mar Early"]
[Site "Chess.com INT"]
[Date "2023.03.07"]
[Round "3"]
[White "Iglesias, Yosha"]
[Black "Fier, Alexandr"]
[Result "0-1"]
[WhiteElo "2199"]
[BlackElo "2606"]
[PlyCount "90"]
[EventDate "2023.03.07"]
[EventType "swiss (blitz)"]
[EventRounds "11"]
[EventCountry "USA"]
[SourceTitle "EXT 2024"]
[Source "ChessBase"]
[SourceDate "2023.10.10"]
[SourceVersion "1"]
[SourceVersionDate "2023.10.10"]
[SourceQuality "1"]

1. d4 Nf6 2. Nf3 e6 3. e3 b6 4. Bd3 Bb7 5. 0-0 h6 6. c4 g5 7. Nc3 g4 8. Nd2 h5 9. e4 c5 10. d5 e5 11. f4 d6 12. fxe5 dxe5 13. Bc2 Nbd7 14. Ba4 Bd6 15. Nb3 Rg8 16. Nb5 Qe7 17. Nxd6+ Qxd6 18. Rf5 0-0-0 19. Qf1 Nxe4 20. Rxf7 Ndf6 21. Nd2 Rdf8 22. Rxf8+ Rxf8 23. Qe2 Ng5 24. Nf1 Nf7 25. Ng3 Qd8 26. Bc2 Nd6 27. Bh6 Re8 28. Rf1 Ng8 29. Bg7 Qe7 30. Bh8 Nf7 31. Bg7 Ng5 32. Nf5 Qd7 33. Bh6 Nf7 34. Be3 Kb8 35. Ng7 Rc8 36. Ne6 Nd6 37. Bf5 Nxf5 38. Rxf5 b5 39. Qf1 bxc4 40. Rf7 Qxd5 41. Ng7 c3 42. bxc3 Qe4 43. Bf2 h4 44. Bxh4 Nh6 45. Bg3 Nxf7 0-1

[Event "Titled Tuesday intern op 7th Mar Early"]
[Site "Chess.com INT"]
[Date "2023.03.07"]
[Round "8"]
[White "Iglesias, Yosha"]
[Black "Nazari, Arad"]
[Result "0-1"]
[WhiteElo "2199"]
[BlackElo "2366"]
[PlyCount "88"]
[EventDate "2023.03.07"]
[EventType "swiss (blitz)"]
[EventRounds "11"]
[EventCountry "USA"]
[SourceTitle "EXT 2024"]
[Source "ChessBase"]
[SourceDate "2023.10.10"]
[SourceVersion "1"]
[SourceVersionDate "2023.10.10"]
[SourceQuality "1"]

1. d4 Nf6 2. Nf3 g6 3. Bf4 Bg7 4. c3 0-0 5. Nbd2 d6 6. e4 c5 7. dxc5 dxc5 8. Qc2 Nc6 9. h3 Nd7 10. Rd1 Nde5 11. Nxe5 Nxe5 12. Be2 Qc7 13. Bg3 Qc6 14. Nc4 Nxc4 15. Bxc4 Be6 16. Bxe6 Qxe6 17. 0-0 Rfd8 18. Qa4 a6 19. f3 Qb6 20. Qb3 Qc6 21. a4 b5 22. axb5 axb5 23. Rxd8+ Rxd8 24. Rd1 Rd7 25. Rxd7 Qxd7 26. Qd5 Qxd5 27. exd5 Kf8 28. Kf2 Ke8 29. Ke3 Kd7 30. Ke4 f5+ 31. Kd3 c4+ 32. Ke3 h6 33. h4 Bf6 34. Bf2 Kd6 35. g4 fxg4 36. fxg4 Kxd5 37. h5 gxh5 38. gxh5 Bg5+ 39. Kf3 e5 40. Bb6 Bc1 41. Ke2 Ke4 42. Bd8 Kf5 43. Ba5 Kg4 44. Kd1 Bf4 0-1

[Event "Titled Tuesday intern op 7th Mar Early"]
[Site "Chess.com INT"]
[Date "2023.03.07"]
[Round "9"]
[White "Lewtak, Damian"]
[Black "Iglesias, Yosha"]
[Result "1-0"]
[WhiteElo "2385"]
[BlackElo "2199"]
[PlyCount "87"]
[EventDate "2023.03.07"]
[EventType "swiss (blitz)"]
[EventRounds "11"]
[EventCountry "USA"]
[SourceTitle "EXT 2024"]
[Source "ChessBase"]
[SourceDate "2023.10.10"]
[SourceVersion "1"]
[SourceVersionDate "2023.10.10"]
[SourceQuality "1"]

1. e4 c5 2. Nf3 d6 3. Bb5+ Bd7 4. Bxd7+ Qxd7 5. 0-0 Nc6 6. c3 d5 7. d3 dxe4 8. dxe4 Qxd1 9. Rxd1 e6 10. Be3 Nf6 11. Nbd2 Be7 12. h3 0-0 13. Kf1 Rfd8 14. Ke2 h6 15. Nh2 Kf8 16. Ng4 Nxg4 17. hxg4 b5 18. a4 a6 19. Nb3 c4 20. Nd4 Nxd4+ 21. Bxd4 Bf6 22. Bxf6 gxf6 23. Rxd8+ Rxd8 24. axb5 axb5 25. Ra7 Rb8 26. Rc7 e5 27. Ke3 Kg7 28. g3 Kg6 29. Kf3 Rb6 30. Kg2 Rb8 31. Kh3 Rb6 32. f4 Rd6 33. Rb7 Rd3 34. fxe5 fxe5 35. Rxb5 f6 36. Rc5 Rd2 37. Rxc4 Rxb2 38. Rc8 Re2 39. c4 Rxe4 40. Kg2 Re3 41. c5 Rc3 42. c6 Kg7 43. Kf2 e4 44. c7 1-0

[Event "Paris Rapid op"]
[Site "Paris"]
[Date "2023.03.04"]
[Round "1"]
[White "Iglesias, Yosha"]
[Black "Fedorchuk, Sergey A"]
[Result "0-1"]
[WhiteElo "2199"]
[BlackElo "2636"]
[PlyCount "70"]
[EventDate "2023.03.04"]
[EventType "swiss (rapid)"]
[EventRounds "9"]
[EventCountry "FRA"]
[SourceTitle "CBM 213 Extra"]
[Source "ChessBase"]
[SourceDate "2023.05.31"]
[SourceVersion "1"]
[SourceVersionDate "2023.05.31"]
[SourceQuality "1"]

1. d4 Nf6 2. Nf3 e6 3. e3 b6 4. Bd3 Bb7 5. 0-0 c5 6. c4 Be7 7. Nc3 cxd4 8. exd4 d6 9. d5 e5 10. Nh4 g6 11. f4 exf4 12. Bxf4 Nh5 13. Nf5 Nxf4 14. Nxe7 Qxe7 15. Re1 Ne6 16. dxe6 fxe6 17. Qg4 e5 18. Bxg6+ hxg6 19. Qxg6+ Kd7 20. Rad1 Na6 21. Qg4+ Kc7 22. Nb5+ Kb8 23. Rxd6 Nc7 24. Rd7 Qc5+ 25. Kh1 Bc8 26. Qg7 Bxd7 27. Qxh8+ Kb7 28. Qg7 Bxb5 29. cxb5 Qxb5 30. Qxe5 Re8 31. Qg3 Rxe1+ 32. Qxe1 Qxb2 33. Qe4+ Kb8 34. h4 Qxa2 35. h5 Qe6 0-1

[Event "FRA-chT Top 16 Gp Basse"]
[Site "Chartres"]
[Date "2022.06.17"]
[Round "2.1"]
[White "Iglesias, Yosha"]
[Black "Brochet, Philippe"]
[Result "1-0"]
[WhiteElo "2202"]
[BlackElo "2390"]
[PlyCount "153"]
[EventDate "2022.06.16"]
[EventType "team-tourn"]
[EventRounds "4"]
[EventCountry "FRA"]
[SourceTitle "CBM 208 Extra"]
[Source "ChessBase"]
[SourceDate "2022.07.31"]
[SourceVersion "1"]
[SourceVersionDate "2022.07.31"]
[SourceQuality "1"]
[WhiteTeam "Paris Club 608"]
[BlackTeam "St Quentin"]
[WhiteTeamCountry "FRA"]
[BlackTeamCountry "FRA"]

1. Nf3 d5 2. g3 Bg4 3. Bg2 Nd7 4. 0-0 c6 5. h3 Bh5 6. d3 e5 7. c4 dxc4 8. d4 exd4 9. Qxd4 Ngf6 10. Qxc4 Bxf3 11. Bxf3 Ne5 12. Qb3 Nxf3+ 13. exf3 Qd7 14. Rd1 Nd5 15. Nc3 Rd8 16. Nxd5 cxd5 17. Bd2 Be7 18. Bb4 0-0 19. Bxe7 Qxe7 20. Rxd5 Rxd5 21. Qxd5 Rd8 22. Qa5 a6 23. Re1 Qd7 24. Kg2 g6 25. h4 h5 26. Qb4 b5 27. Re7 Qd6 28. Qxd6 Rxd6 29. b3 Rd2 30. a4 bxa4 31. bxa4 Ra2 32. Re4 Kg7 33. Rc4 f5 34. g4 hxg4 35. fxg4 fxg4 36. Rxg4 Kh6 37. Kg3 Ra3+ 38. f3 Ra1 39. Rd4 Rg1+ 40. Kf4 Rh1 41. Ke5 Kh5 42. Rd6 Rxh4 43. Rxa6 g5 44. a5 Ra4 45. Ra8 Kh4 46. a6 Ra5+ 47. Kd4 Kg3 48. a7 Ra4+ 49. Ke5 Ra5+ 50. Ke6 Ra6+ 51. Kf5 Ra5+ 52. Kg6 Kf2 53. Kh6 Kg3 54. Kg6 Kf2 55. Rf8 Rxa7 56. Kxg5 Ra5+ 57. Kg4 Ra1 58. f4 Rg1+ 59. Kf5 Ra1 60. Rb8 Kg3 61. Kg5 Kf3 62. f5 Ke4 63. Re8+ Kd5 64. f6 Rg1+ 65. Kh6 Rh1+ 66. Kg7 Rg1+ 67. Kf8 Kd6 68. f7 Kd7 69. Re4 Rf1 70. Kg7 Rg1+ 71. Kf6 Rf1+ 72. Kg6 Rg1+ 73. Kf6 Rf1+ 74. Kg7 Rg1+ 75. Kf8 Rf1 76. Re2 Ra1 77. Rg2 1-0

[Event "FRA-chT Top 16 GpA"]
[Site "Chartres"]
[Date "2022.06.15"]
[Round "7.4"]
[White "Vlachos, Anatole"]
[Black "Iglesias, Yosha"]
[Result "1-0"]
[WhiteElo "2431"]
[BlackElo "2202"]
[PlyCount "111"]
[EventDate "2022.06.09"]
[EventType "team-tourn"]
[EventRounds "7"]
[EventCountry "FRA"]
[SourceTitle "CBM 208 Extra"]
[Source "ChessBase"]
[SourceDate "2022.07.31"]
[SourceVersion "1"]
[SourceVersionDate "2022.07.31"]
[SourceQuality "1"]
[WhiteTeam "Tremblay en France"]
[BlackTeam "Paris Club 608"]
[WhiteTeamCountry "FRA"]
[BlackTeamCountry "FRA"]

1. e4 e5 2. Nf3 Nf6 3. Nxe5 Nxe4 4. Qe2 Qe7 5. Qxe4 d6 6. d4 dxe5 7. dxe5 Nc6 8. Nc3 Qxe5 9. Qxe5+ Nxe5 10. Bf4 Bd6 11. Bg3 h5 12. 0-0-0 f6 13. Nb5 h4 14. Nxd6+ cxd6 15. Bf4 Ke7 16. h3 Bf5 17. Be2 Rhc8 18. Rd2 g5 19. Bh2 Rc6 20. Kb1 Rac8 21. Rc1 d5 22. Bb5 Rc5 23. Ba4 Kf7 24. b4 Rc4 25. Bb3 Rxb4 26. Rxd5 Be6 27. Rd6 Bxb3 28. axb3 Re4 29. Rd2 Nc6 30. f3 Re6 31. f4 Rce8 32. fxg5 fxg5 33. Rf1+ Kg6 34. Rff2 Rf6 35. Rxf6+ Kxf6 36. Bd6 Re1+ 37. Kb2 Ne5 38. Bb4 Re4 39. Bc3 Ke6 40. Rf2 g4 41. hxg4 Rxg4 42. Re2 Rg5 43. Re4 Kd5 44. Rd4+ Kc6 45. Rxh4 Ng6 46. Rc4+ Kd5 47. g4 b5 48. Rd4+ Kc6 49. Bd2 Rd5 50. Rxd5 Kxd5 51. g5 Ne5 52. Bc3 Nc6 53. g6 Ke6 54. g7 Kf7 55. Bf6 a6 56. c4 1-0